00210 a2200097 4500001000700000040001100007100002500018240003300043245002800076300000800104194955 cMagnum aSousa, Maurício de10aTurma da Mônica Jovemlpor10aTurma da Mônica Jovem a132